Представление документа в формате RUSMARC

ПолеНазваниеЗначение
  Тип записи a
  Библиографический уровень m
001 Контрольный номер RU/УОНБ/EK/584542328
005 Дата корректировки 20240131005801.8
010 Индекс ISBN __
d Цена 50 р.
100 Данные общей обработки __
a Данные общей обработки 20180710d2015 m d0rusy0189||||ca
101 Язык документа 0_
a Язык текста rus
102 Страна публикации __
a Страна публикации RU
105 Кодированные данные (монография) __
a Кодированные данные (монография) y z 001yy
200 Заглавие и сведения об ответственности 1_
a Заглавие Поэтическое сердце России (Сергей Есенин)
e Сведения, относящиеся к заглавию метод. рек. для работников библиотек
f Первые сведения об ответственности Дворец книги - Ульян. обл. науч. б-ка им. В.И. Ленина, Отд. абонемента
g Последующие сведения об ответственности сост. Е.А. Кулемина
203 Вид содержания и тип средства __
a Вид содержания Текст
b Характеристика содержания визуальный
c Тип средства непосредственный
203 Вид содержания и тип средства __
a Вид содержания Текст
b Характеристика содержания визуальный
c Тип средства электронный
210 Выходные данные 1_
a Место издания Ульяновск
c Издательство Дворец книги - УОНБ
d Дата издания 2015
215 Физическое описание __
a Объем 69 с.
d Формат 21 см
300 Общие примечания __
a Общие примечания 2015 год - Год литературы в Российской Федерации
320 Библиография __
a Библиография Библиогр.: с. 60-66
606 Тематические рубрики 0_
a Основная рубрика Библиотеки
x Основная подрубрика Пропаганда литературы
j Формальный подзаголовок Методические пособия
606 Тематические рубрики 0_
a Основная рубрика Русская литература
z Хронологическая подрубрика 20 в.
610 Ключевые слова 0_
a Ключевые слова библиотеки - пропаганда литературы
610 Ключевые слова 0_
a Ключевые слова русская литература 20 в.
610 Ключевые слова 0_
a Ключевые слова Есенин С.А.
686 Индексы других классификаций __
a Классификационный индекс 78.381.02
2 Код системы rubbk
686 Индексы других классификаций __
a Классификационный индекс 83.3(2=Рус)6-8
2 Код системы rubbk
702 Вторичная интеллектуальная ответственность _1
a Фамилия Кулемина
b Имя (инициалы) Е.А.
4 Код отношения 220
712 Наименование организации (Вторичная ответственность) 02
a Организация/ юрисдикция Дворец книги - Ульяновская областная научная библиотека им. В.И. Ленина
4 Код отношения 570
801 Источник записи _0
a Страна RU
b Организация Ульяновская ОНБ
c Дата составления 20180710
g Правила каталогизации RCR
801 Источник записи _1
a Страна RU
b Организация Ульяновская ОНБ
c Дата составления 20180710
g Правила каталогизации RCR
900 Электронные ресурсы __
a Имя электронного ресурса Поэтическое сердце России_Есенин
901 Тип документа __
t Тип документа m
909 Создатель записи __
a Создатель записи Степанова
b Дата создания записи 20181219
927 Симбирские коллекции __
a Симбирские коллекции Издания Ульяновской областной научной библиотеки
b Разделы коллекций Методические издания
938 Служебная информация __
a Имя БД books
b Имя библиотеки УОНБ
c Имя АИБС МАРК-SQL
d Номер DOC_ID в БД 339391